000 00382nam a2200145 i 4500
001 bg
100 1 _aPOŁONNIKOW, D. J.
245 0 _aWzmacniacze operacyjne :
_bteoria i projektowanie /
_cD.J. Połonnikow.
260 _aWarszawa,
_c1987.
650 9 _aWzmacniacze
_xprojekty
_xteoria
040 _cBPK
041 _apol
942 _cKS
008 s pl f |000 0 pol
999 _c23556
_d23556
856 _uhttp://koha.tu.koszalin.pl/cgi-bin/koha/opac-detail.pl?biblionumber=23556
_yKatalog online BPK